[Event "AUTO-BEG-86"]
[Site "http://www.queenalice.com/game.php?id=186013"]
[Date "2007.3.22"]
[Round "1"]
[White "millie"]
[Black "QueenMalice"]
[Result "0-1"]
[WhiteElo "1283"]
[BlackElo "1252"]

1. d4 Nf6 2. f3 d5 3. g4 h6 4. e3 c6 5. Bd2 a5 6. a4 b6 7. Nh3 c5 8. Bb5+ Bd7 9.
Qe2 e6 10. Nf4 Bd6 11. Nh3 O-O 12. Ng1 e5 13. Qg2 Bxb5 14. axb5 Qe8 15. Qe2 cxd4
16. Qd3 g5 17. Ne2 Bc5 18. Qf5 Qe7 19. Ng3 dxe3 20. Bc3 d4 21. Nh5 Nxh5 22. gxh5
dxc3 23. Nxc3 Rd8 24. Ne4 Bd4 0-1

[Event "AUTO-BEG-86"]
[Site "http://www.queenalice.com/game.php?id=186026"]
[Date "2007.3.22"]
[Round "1"]
[White "millie"]
[Black "knightsdefence"]
[Result "0-1"]
[WhiteElo "1219"]
[BlackElo "1182"]

1. d4 f5 2. e3 d5 3. Bb5+ Bd7 4. Qd3 Bxb5 5. Qxb5+ c6 6. Qd3 e6 7. Qe2 Nf6 8. f3
Bd6 9. g3 Qb6 10. b3 Bb4+ 11. c3 Bd6 12. Nh3 Qa6 13. Qd2 Qb6 14. Ng5 Ke7 15. h4
Bxg3+ 16. Kf1 Qa6+ 17. Kg2 Bd6 18. b4 Nbd7 19. Na3 h6 20. Nh3 Qb6 21. Rg1 Qc7
22. Kf1 Rhg8 23. Rg6 Kf7 24. Qg2 Qb8 25. h5 Nxh5 26. f4 Qf8 27. Qg1 Nhf6 28. Nf2
Ne8 29. Qh1 Kxg6 30. Qg2+ Kh7 31. Nh3 Qf6 32. Bd2 Qg6 33. Kg1 Qxg2+ 34. Kxg2 Nc7
35. Be1 a6 36. Bh4 Rge8 37. Rg1 Be7 38. Kg3 Bxh4+ 39. Kxh4 Nb5 40. Nb1 Rf8 41.
Kh5 Rf6 42. a4 Nc7 0-1

[Event "AUTO-BEG-86"]
[Site "http://www.queenalice.com/game.php?id=186027"]
[Date "2007.3.22"]
[Round "1"]
[White "knightsdefence"]
[Black "millie"]
[Result "1-0"]
[WhiteElo "1163"]
[BlackElo "1238"]

1. f4 e6 2. d4 Qh4+ 3. g3 Qg4 4. Nc3 c6 5. e3 Qf5 6. Qd3 b6 7. Qxf5 exf5 8. Bh3
g6 9. Nf3 f6 10. Bd2 d5 11. Ne2 Ba6 12. Nc1 Bb5 13. Bg2 h5 14. h4 a5 15. Nh2 Nh6
16. Bf1 Ba4 17. Bd3 b5 18. b3 Ba3 19. Ne2 Bb2 20. Rb1 Ba3 21. Bc1 Bb4+ 22. Bd2
Nf7 23. bxa4 bxa4 24. Bxb4 axb4 25. Rxb4 Nd6 26. O-O Kd7 27. Rfb1 Kc7 28. a3 Re8
29. Nf1 Nd7 30. c3 c5 31. R4b2 c4 32. Bc2 Rec8 33. Rb4 Kd8 34. Rxa4 Rab8 35.
Rab4 Ra8 36. a4 Kc7 37. Kg2 Nb6 38. Ra1 Rg8 39. Rbb1 Ndc8 40. a5 Nd7 41. Ra2 Kd8
42. a6 Na7 43. Nc1 Nc6 44. Bd1 1-0

[Event "AUTO-BEG-87"]
[Site "http://www.queenalice.com/game.php?id=187020"]
[Date "2007.3.24"]
[Round "1"]
[White "millie"]
[Black "J_Moura"]
[Result "0-1"]
[WhiteElo "1346"]
[BlackElo "1391"]

1. d4 e6 2. h4 d5 3. Bg5 Be7 4. Qd2 h6 5. Bf4 Nd7 6. b4 Ngf6 7. f3 c6 8. g4 a5
9. Be5 Bxb4 10. c3 Be7 11. a4 b5 12. e3 bxa4 13. Rxa4 Nb6 14. Ra2 Nbd7 15. Bf4
Qb6 16. Rb2 Qd8 17. Qh2 Ba6 18. Bh3 Bb5 19. Bc7 Qc8 20. Ra2 a4 0-1

[Event "AUTO-BEG-87"]
[Site "http://www.queenalice.com/game.php?id=187021"]
[Date "2007.3.24"]
[Round "1"]
[White "J_Moura"]
[Black "millie"]
[Result "1-0"]
[WhiteElo "1405"]
[BlackElo "1332"]

1. d4 d5 2. c4 e6 3. Nc3 c6 4. e3 Bb4 5. Bd2 Qd6 6. Nf3 f6 7. a3 Ba5 8. b4 Bc7
9. Be2 g5 10. Qc2 g4 11. Nh4 f5 12. g3 Bd8 13. Ng2 Bg5 14. h4 Bf6 15. Rc1 Ne7
16. Nf4 Bg7 17. cxd5 Bd7 18. dxe6 Bc8 19. Bc4 b5 20. Be2 Bh6 21. d5 Bb7 22. Bd3
Bg7 23. Bxf5 h6 24. Bxg4 cxd5 25. Nxb5 1-0

[Event "AUTO-BEG-87"]
[Site "http://www.queenalice.com/game.php?id=187022"]
[Date "2007.3.24"]
[Round "1"]
[White "millie"]
[Black "duduzinho"]
[Result "1-0"]
[WhiteElo "1359"]
[BlackElo "936"]

1. d4 b6 2. Qd3 Nc6 3. c3 Ba6 4. Qc2 g6 5. b4 Bg7 6. Nf3 Bh6 7. e3 Nf6 8. h3 Bb7
9. b5 Nb8 10. Nh4 Rg8 11. Bc4 Bc6 12. bxc6 Nxc6 13. Qa4 Rh8 14. Qb3 Rb8 15.
Bxf7+ Kf8 16. Bd5 Nxd5 17. Qxd5 Na5 18. Qf3+ Ke8 19. Qe4 Rf8 20. g4 a6 21. Rg1
Rb7 22. f4 Rf7 23. Qe5 Nc6 24. Qd5 Na7 25. Qe4 Rf8 26. Qe5 Rf7 27. g5 Bf8 28.
Qe4 Bg7 29. Qxb7 Rf6 30. gxf6 Nb5 31. fxg7 Nd6 32. g8=Q# 1-0

[Event "AUTO-BEG-87"]
[Site "http://www.queenalice.com/game.php?id=187023"]
[Date "2007.3.24"]
[Round "1"]
[White "duduzinho"]
[Black "millie"]
[Result "0-1"]
[WhiteElo "1100"]
[BlackElo "1333"]

1. b4 b5 2. Bb2 d6 3. g3 Na6 4. Bc3 e5 5. Bg2 Rb8 6. Nh3 g5 7. Bf3 g4 8. Bg2
gxh3 9. Bxh3 Bxh3 10. Na3 Bg2 11. Rg1 Be4 12. Rf1 Qd7 13. h3 Qxh3 14. Rg1 Qh2
15. Rf1 Bg2 16. f3 Bxf1 17. Kxf1 Qh3+ 18. Ke1 Qxg3+ 19. Kf1 Bh6 20. Rb1 Qh3+ 21.
Ke1 Qh1+ 22. Kf2 Qh2+ 23. Ke1 Bg5 24. Qc1 Bh4+ 25. Kd1 Qg1# 0-1

[Event "Challenge"]
[Site "http://www.queenalice.com/game.php?id=188301"]
[Date "2007.3.27"]
[Round "-"]
[White "millie"]
[Black "fernandosoares"]
[Result "1-0"]
[WhiteElo "1384"]
[BlackElo "1205"]

1. d4 Nc6 2. c3 d5 3. b4 e6 4. e3 Bd7 5. b5 Na5 6. Qa4 b6 7. h4 c6 8. Bd2 cxb5
9. Qc2 Bc6 10. Nf3 Nc4 11. Bc1 Bd6 12. Ng5 h6 13. Nf3 g5 14. h5 Ne7 15. g4 f6
16. Ng1 a5 17. a3 e5 18. Nf3 e4 19. Nh2 a4 20. Bg2 f5 21. Bh3 Ng8 22. gxf5 b4
23. cxb4 Nf6 24. Ng4 O-O 25. Nxh6+ Kg7 26. Ng4 Rh8 27. h6+ Rxh6 28. Nxh6 Kxh6
29. Bg2+ Nh5 30. Qe2 Qf6 31. Qxh5+ Kg7 32. Qh7+ Kf8 33. Qh3 b5 34. Nc3 Be7 35.
Qg4 Re8 36. Qg3 Qxf5 37. Rh8+ Kf7 38. Bh3 Rxh8 39. Bxf5 Rg8 40. Qg4 Ne5 41. Qh5+
Kf6 42. Bh7 Rb8 43. Qh6+ Kf7 44. Qh5+ Kf6 45. Qh6+ Kf7 46. Ne2 Nd3+ 47. Kd1
Nxf2+ 48. Ke1 Nd3+ 49. Kd2 Rh8 50. Qg6+ Kf8 51. Qh6+ Ke8 52. Qxc6+ Kd8 53. Qa8+
Kc7 54. Qxh8 g4 55. Qe8 g3 56. Nxg3 Nf2 57. Qxe7+ Kc6 58. Qe6+ Kb7 59. Qxd5+ 1-0

[Event "Challenge"]
[Site "http://www.queenalice.com/game.php?id=188568"]
[Date "2007.3.27"]
[Round "-"]
[White "gamnascimento"]
[Black "millie"]
[Result "0-1"]
[WhiteElo "975"]
[BlackElo "1341"]

1. Nc3 c6 2. Ne4 d6 3. c4 c5 4. Qa4+ Bd7 5. Qb3 b6 6. a4 a5 7. g4 f6 8. g5 f5 9.
Ng3 g6 10. Bg2 Ra7 11. Qc3 e5 12. h4 Bg7 13. Bd5 Ne7 14. Bf3 Na6 15. Ra3 f4 16.
Ne4 Nf5 17. Nxd6+ Nxd6 18. h5 Qxg5 19. hxg6 Qxg6 20. d4 cxd4 21. Qd2 Nxc4 22.
Qd3 Qe6 23. Bh5+ Kd8 24. b3 Nxa3 25. Bxa3 Qf6 26. b4 Bf5 27. Qd2 Bh6 28. Qa2
axb4 29. Bc1 Nc5 30. Bd2 Be4 31. a5 b3 32. Rh3 bxa2 0-1

[Event "AUTO-OPEN-603"]
[Site "http://www.queenalice.com/game.php?id=189207"]
[Date "2007.3.29"]
[Round "1"]
[White "bipinpeter"]
[Black "millie"]
[Result "1-0"]
[WhiteElo "1428"]
[BlackElo "1361"]

1. e4 e6 2. Be2 Qh4 3. g3 Qxe4 4. f3 Qd4 5. Nh3 h6 6. c3 Qd5 7. d4 g5 8. b3 b5
9. Rf1 Ne7 10. a4 a6 11. f4 f5 12. Rf3 Qc6 13. c4 Bg7 14. Ra2 Qd6 15. c5 Qc6 16.
Bd3 g4 17. Ng1 Bxd4 18. Ne2 Qxf3 19. axb5 Qh1+ 20. Kd2 Qxh2 21. Kc2 1-0

[Event "AUTO-OPEN-603"]
[Site "http://www.queenalice.com/game.php?id=189208"]
[Date "2007.3.29"]
[Round "1"]
[White "millie"]
[Black "bipinpeter"]
[Result "0-1"]
[WhiteElo "1361"]
[BlackElo "1407"]

1. d4 e6 2. h4 d5 3. Bd2 Bd6 4. Bg5 f6 5. Be3 c6 6. c3 b5 7. b4 e5 8. g3 Nh6 9.
f3 Nf5 10. Bf2 Na6 11. g4 Nh6 12. Be3 g6 13. Bxh6 e4 14. Bg7 Rg8 15. Bh6 Bg3+
16. Kd2 Bf4+ 17. Bxf4 f5 18. Bg5 Qd7 19. Nh3 Qe6 20. Nf4 Qf7 21. e3 Rh8 22. Bh3
Bd7 0-1

[Event "AUTO-OPEN-603"]
[Site "http://www.queenalice.com/game.php?id=189223"]
[Date "2007.3.29"]
[Round "1"]
[White "Lauermann"]
[Black "millie"]
[Result "1-0"]
[WhiteElo "1608"]
[BlackElo "1419"]

1. e3 e6 2. b3 Bb4 3. Bb2 f6 4. Qh5+ g6 5. Qe2 Qe7 6. a3 Bc5 7. b4 Bd6 8. g3 b6
9. Qf3 c6 10. Nh3 e5 11. Be2 b5 12. Nc3 f5 13. O-O Nh6 14. d3 Ng4 15. Ne4 Bc7
16. Neg5 h6 17. Ne4 d5 18. Nc5 h5 19. d4 e4 20. Qg2 Nf6 21. Ng5 1-0

[Event "AUTO-OPEN-603"]
[Site "http://www.queenalice.com/game.php?id=189224"]
[Date "2007.3.29"]
[Round "1"]
[White "millie"]
[Black "Lauermann"]
[Result "0-1"]
[WhiteElo "1411"]
[BlackElo "1624"]

1. d4 e6 2. h4 b6 3. Bg5 f6 4. Bf4 Bb4+ 5. c3 Bf8 6. e3 Bb7 7. f3 Nc6 8. b4 Qe7
9. Bxc7 d6 10. b5 Qxc7 11. Be2 Nce7 12. e4 Nh6 13. a4 O-O-O 14. Qb3 d5 15. a5
dxe4 16. Qxe6+ Rd7 17. a6 exf3 18. gxf3 Qg3+ 19. Kd2 Qf4+ 20. Kc2 Nhf5 21. axb7+
Kxb7 0-1

[Event "Lets go!!!"]
[Site "http://www.queenalice.com/game.php?id=189640"]
[Date "2007.3.30"]
[Round "-"]
[White "bonzinho"]
[Black "millie"]
[Result "1-0"]
[WhiteElo "1303"]
[BlackElo "1440"]

1. e4 e6 2. Bc4 a6 3. a4 b6 4. b3 Nc6 5. c3 Ne5 6. Bf1 Qh4 7. g3 Qxe4+ 8. Qe2 d5
9. f3 Qf5 10. f4 Ng6 11. g4 Qxf4 12. d4 Qxc1+ 13. Qd1 Ba3 14. Nxa3 Qxc3+ 15. Qd2
Qxa1+ 16. Qd1 Qxa3 17. Bd3 Qb4+ 18. Qd2 Qxd4 19. Ne2 Nf4 20. Nxd4 g5 21. Qc3
Ng2+ 22. Kf2 c5 23. Kxg2 e5 24. Re1 f6 25. b4 cxd4 26. Qc6+ Kd8 27. Qxa8 Kd7 28.
Qxd5+ Ke8 29. Rc1 Bxg4 30. Rc8+ Bxc8 31. Qc6+ Bd7 32. Qxb6 Ne7 33. Qb8+ Nc8 34.
Bxa6 Bc6+ 35. Kf2 Kd8 36. Bxc8 Bxa4 37. Be6+ Ke7 38. Qxh8 Kxe6 39. Kf3 Bd1+ 40.
Ke4 f5+ 41. Kd3 Kd5 42. Qxh7 e4+ 43. Kd2 Bg4 44. Qd7+ Kc4 45. b5 e3+ 46. Ke1 Bh3
47. b6 Bg2 48. b7 Bxb7 49. Qxb7 d3 50. Qc6+ Kb3 51. Qd5+ Kc2 52. Qc4+ Kb2 53. h3
d2+ 54. Kd1 e2+ 55. Qxe2 Kc3 56. Qxd2+ Kc4 57. Qxg5 Kd4 58. Qxf5 1-0

[Event "Challenge"]
[Site "http://www.queenalice.com/game.php?id=191477"]
[Date "2007.4.4"]
[Round "-"]
[White "duduzinho"]
[Black "millie"]
[Result "0-1"]
[WhiteElo "898"]
[BlackElo "1434"]

1. e3 e6 2. Qg4 f5 3. Qh5+ g6 4. Qh3 h5 5. Qg3 Qf6 6. Be2 Bd6 7. Qh3 g5 8. g3 g4
9. Qg2 a5 10. a4 Na6 11. Na3 Nc5 12. Nc4 Be7 13. h3 d5 14. Na3 Ne4 15. hxg4 fxg4
16. b3 Qxa1 17. Kd1 Bxa3 18. Bd3 Bxc1 19. Ke2 Nxd2 20. Qf1 Nxf1 21. Kxf1 Bd2+
22. Ke2 Qe1# 0-1

[Event "Challenge"]
[Site "http://www.queenalice.com/game.php?id=197147"]
[Date "2007.4.15"]
[Round "-"]
[White "millie"]
[Black "CVogt"]
[Result "0-1"]
[WhiteElo "1391"]
[BlackElo "1500"]

1. d4 d5 2. Qd3 Nc6 3. c3 Nf6 4. f3 e6 5. b4 Bd6 6. b5 Na5 7. b6 axb6 8. Qb5+
Bd7 9. Qd3 Nb3 10. Bb2 Nxa1 0-1

[Event "Challenge"]
[Site "http://www.queenalice.com/game.php?id=201993"]
[Date "2007.4.25"]
[Round "-"]
[White "millie"]
[Black "kfe"]
[Result "0-1"]
[WhiteElo "1404"]
[BlackElo "1477"]

1. d4 Nc6 2. c3 d5 3. b4 b5 4. h4 h5 5. g3 e6 6. Bg5 f6 7. Bf4 g6 8. Qd3 f5 9.
Bg5 Qd6 10. Bf4 Qd7 11. Qxb5 a6 12. Qa4 Nf6 13. f3 Bb7 14. Bg5 Nh7 15. Bf4 a5
16. b5 Na7 17. Nh3 Nxb5 18. e3 Bc6 19. Qb3 a4 20. Qc2 Na3 21. Nxa3 Bxa3 22. Bh6
Rb8 23. Nf4 Nf6 24. Nxg6 Rxh6 25. Nf4 Qg7 26. Nxe6 Qxg3+ 27. Ke2 Rb2 28. Nxc7+
Kd7 29. Na6 Rxc2+ 30. Kd3 Rb2 31. Rh3 Bb5+ 0-1